A molekuláris genetikai vizsgálatok jelentősége veleszületett immunhiány betegségekben
Elmentve itt :
| Szerzők: | |
|---|---|
| Dokumentumtípus: | Könyv része |
| Megjelent: |
2008
|
| Sorozat: | Tiszaparti esték
9 Tiszaparti esték : gyermekgyógyászati továbbképző előadások 2007-2008 9 |
| Kulcsszavak: | Immunhiány - betegségek, Immunológia - betegség, Molekuláris genetika |
| Tárgyszavak: | |
| Online Access: | http://acta.bibl.u-szeged.hu/18948 |
| LEADER | 00997naa a2200253 i 4500 | ||
|---|---|---|---|
| 001 | acta18948 | ||
| 005 | 20220321082754.0 | ||
| 008 | 161015s2008 hu o 0|| hun d | ||
| 022 | |a 1588-3515 | ||
| 040 | |a SZTE Egyetemi Kiadványok Repozitórium |b hun | ||
| 041 | |a hun | ||
| 100 | 1 | |a Maródi László | |
| 245 | 1 | 2 | |a A molekuláris genetikai vizsgálatok jelentősége veleszületett immunhiány betegségekben |h [elektronikus dokumentum] / |c Maródi László |
| 260 | |c 2008 | ||
| 300 | |a 199-205 | ||
| 490 | 0 | |a Tiszaparti esték |v 9 | |
| 490 | 0 | |a Tiszaparti esték : gyermekgyógyászati továbbképző előadások 2007-2008 |v 9 | |
| 650 | 4 | |a Orvos- és egészségtudomány | |
| 650 | 4 | |a Általános orvostudomány | |
| 695 | |a Immunhiány - betegségek, Immunológia - betegség, Molekuláris genetika | ||
| 700 | 0 | 1 | |a Erdős Melinda |e aut |
| 700 | 0 | 1 | |a Tóth Beáta |e aut |
| 700 | 0 | 1 | |a Rákóczi Éva |e aut |
| 856 | 4 | 0 | |u http://acta.bibl.u-szeged.hu/18948/1/tiszaparti_2007_199-205.pdf |z Dokumentum-elérés |